Dret urbanístic : manual de consulta / Jordi Gasulla Sabaté manual de consulta / Jordi Gasulla Sabaté
Publicado:
Barcelona :
Diputació de Barcelona. Àrea de Presidència. Direcció dels Serveis de Formació ,
2009
Descripción Física:
151 p. : quadres ; 29 cm
Materias:
Dret urbanístic -- Manuals, guies, etc.
MARC
| LEADER | 00000nam a2200000Ia 4500 | ||
|---|---|---|---|
| 001 | 21783 | ||
| 008 | 160829s2009 xx 000 0 cat d | ||
| 080 | |a B-2-187 | ||
| 100 | |a Gasulla Sabaté, Jordi |9 45808 | ||
| 245 | |a Dret urbanístic : |b manual de consulta / Jordi Gasulla Sabaté | ||
| 260 | |a Barcelona : |b Diputació de Barcelona. Àrea de Presidència. Direcció dels Serveis de Formació, |c 2009 | ||
| 300 | |a 151 p. : |b quadres ; |c 29 cm | ||
| 590 | |a Bibliografia | ||
| 650 | |a Dret urbanístic |x Manuals, guies, etc. |9 45809 | ||
| 710 | |a Barcelona (Catalunya : Província). |b Direcció de Serveis de Formació |9 51343 | ||
| 901 | |a Arxiu | ||
| 942 | |n 1 | ||
| 952 | |0 0 |1 0 |4 0 |6 B2187 |7 1 |9 52839 |a Arxiu |b Arxiu |d 2016-12-01 |l 0 |o B-2-187 |p 21783 |r 2016-12-01 00:00:00 |w 2016-12-01 |y ARXIU | ||
| 999 | |c 56688 |d 56688 | ||